[Event "Guillermo Garcia Memorial-D"]
[Site "Santa Clara"]
[Date "2024.05.18"]
[Round "6"]
[White "Rodriguez Perez, Carlos"]
[Black "Fernandez Correa, Cristian"]
[Result "1-0"]
[WhiteElo "1949"]
[BlackElo "1824"]
[PlyCount "51"]
[EventDate "2024.05.14"]
[EventType "swiss"]
[EventRounds "9"]
[EventCountry "CUB"]
[SourceTitle "CBM 220 Extra"]
[Source "ChessBase"]
[SourceDate "2024.07.31"]
[SourceVersion "1"]
[SourceVersionDate "2024.07.31"]
[SourceQuality "1"]

1. c4 e6 2. Nf3 Nf6 3. g3 d5 4. d4 Be7 5. Bg2 0-0 6. 0-0 Nc6 7. Ne5 Nxe5 8. dxe5 Ng4 9. Qd4 f5 10. h3 c5 11. Qd1 Nxe5 12. cxd5 exd5 13. Qxd5+ Qxd5 14. Bxd5+ Kh8 15. Nc3 Rd8 16. Kg2 Bf6 17. Rd1 Bd7 18. Bxb7 Bc6+ 19. Bxc6 Nxc6 20. Be3 Nd4 21. Rd2 Ne6 22. Rad1 Rxd2 23. Rxd2 Bd4 24. Bxd4 Nxd4 25. e3 Ne6 26. Rd6 1-0

[Event "Guillermo Garcia Memorial-D"]
[Site "Santa Clara"]
[Date "2024.05.17"]
[Round "5"]
[White "Ibanez Milian, Dagoberto"]
[Black "Rodriguez Perez, Carlos"]
[Result "1-0"]
[WhiteElo "2157"]
[BlackElo "1949"]
[PlyCount "55"]
[EventDate "2024.05.14"]
[EventType "swiss"]
[EventRounds "9"]
[EventCountry "CUB"]
[SourceTitle "CBM 220 Extra"]
[Source "ChessBase"]
[SourceDate "2024.07.31"]
[SourceVersion "1"]
[SourceVersionDate "2024.07.31"]
[SourceQuality "1"]

1. d4 d5 2. Nc3 e6 3. e4 dxe4 4. Nxe4 Nf6 5. Nxf6+ Qxf6 6. Nf3 h6 7. c3 Bd6 8. Bd3 Bd7 9. Qe2 0-0 10. Ne5 Bxe5 11. dxe5 Qh4 12. 0-0 Bc6 13. f4 Nd7 14. Be3 g6 15. Rad1 a6 16. Bc2 Rad8 17. Rd4 Nb6 18. Bf2 Qe7 19. Qg4 h5 20. Qg3 Rxd4 21. Bxd4 Rd8 22. f5 exf5 23. Bxf5 Bd7 24. e6 Bxe6 25. Bxg6 Kf8 26. Qe5 Ke8 27. Bc5 Qh4 28. Qxe6+ 1-0

[Event "Guillermo Garcia Memorial-D"]
[Site "Santa Clara"]
[Date "2024.05.16"]
[Round "4"]
[White "Rayo Tzeek, Matias"]
[Black "Rodriguez Perez, Carlos"]
[Result "0-1"]
[WhiteElo "1478"]
[BlackElo "1949"]
[PlyCount "190"]
[EventDate "2024.05.14"]
[EventType "swiss"]
[EventRounds "9"]
[EventCountry "CUB"]
[SourceTitle "CBM 220 Extra"]
[Source "ChessBase"]
[SourceDate "2024.07.31"]
[SourceVersion "1"]
[SourceVersionDate "2024.07.31"]
[SourceQuality "1"]

1. e4 e5 2. Nf3 d6 3. d4 Nf6 4. Bg5 Nbd7 5. Bc4 Be7 6. dxe5 dxe5 7. Qe2 c6 8. 0-0 0-0 9. Rd1 Qc7 10. Bh4 b5 11. Bb3 Nc5 12. Nc3 a5 13. a3 Ba6 14. Qe3 Nxb3 15. cxb3 Rfd8 16. Rac1 h6 17. Bxf6 Bxf6 18. Nd5 Qd6 19. Nxf6+ Qxf6 20. b4 axb4 21. axb4 Bb7 22. h3 Qe7 23. b3 f6 24. Qc3 Kf7 25. Nh4 g6 26. Nf3 Rd6 27. Qc5 Rad8 28. Rxd6 Qxd6 29. Qb6 Rd7 30. Qe3 g5 31. Ne1 Qd2 32. Qc3 Qxc3 33. Rxc3 Rd4 34. Re3 Rxb4 35. Nc2 Rd4 36. Nxd4 exd4 37. Rd3 c5 38. b4 Bxe4 39. Rd2 Ke6 40. bxc5 d3 41. f3 Bg6 42. Kf2 Kd5 43. Ke3 Kxc5 44. Rd1 b4 45. Rc1+ Kd5 46. Rc7 b3 47. Kd2 Kd4 48. Rc3 Bf7 49. Rxd3+ Kc5 50. Rd7 Be6 51. Rh7 Bf5 52. Rb7 Bc2 53. Ke3 Kd5 54. Kd2 Kd4 55. Rb6 Ke5 56. g3 h5 57. Kc3 Bd1 58. Rb5+ Ke6 59. f4 gxf4 60. gxf4 Kf7 61. f5 Kg7 62. Rb6 Bc2 63. Rb5 Kf7 64. h4 Ke7 65. Rb7+ Kd6 66. Rb6+ Ke5 67. Rb5+ Kf4 68. Rd5 Bxf5 69. Rd4+ Ke5 70. Rb4 Be6 71. Rb5+ Bd5 72. Rb8 Kf4 73. Rd8 Be4 74. Kxb3 Kg4 75. Rd6 f5 76. Kc3 Kxh4 77. Rg6 f4 78. Rg7 Kh3 79. Kd2 h4 80. Ke2 Bg2 81. Kf2 f3 82. Rg5 Kh2 83. Rg4 Kh3 84. Rf4 Bh1 85. Rf8 Kg4 86. Rg8+ Kf5 87. Rf8+ Kg6 88. Rg8+ Kh7 89. Ke3 Bg2 90. Ke4 f2+ 91. Rxg2 f1Q 92. Rh2 h3 93. Ke3 Qg1+ 94. Rf2 h2 95. Ke2 Qxf2+ 0-1

[Event "Villa Santiago op"]
[Site "Santiago de Cuba"]
[Date "2018.08.08"]
[Round "1"]
[White "Rodriguez Perez, Carlos"]
[Black "Cabrera Ramos, Brenda Milagros"]
[Result "1-0"]
[WhiteElo "1828"]
[BlackElo "1526"]
[PlyCount "52"]
[EventDate "2018.08.08"]
[EventType "swiss"]
[EventRounds "7"]
[EventCountry "CUB"]
[SourceTitle "EXT 2021"]
[Source "ChessBase"]
[SourceDate "2020.10.23"]
[SourceVersion "1"]
[SourceVersionDate "2020.10.23"]
[SourceQuality "1"]

1. e4 d5 2. exd5 Qxd5 3. d4 e5 4. Nf3 Nc6 5. Be3 Bg4 6. Be2 exd4 7. Bxd4 Nxd4 8. Nxd4 Qxg2 9. Rf1 Rd8 10. Bxg4 Qe4+ 11. Qe2 Rxd4 12. Nd2 Qe7 13. 0-0-0 Qxe2 14. Bxe2 Nf6 15. Bf3 c6 16. Rde1+ Be7 17. Nb3 Rd7 18. Nc5 Rc7 19. Nxb7 Rxb7 20. Bxc6+ Rd7 21. Re5 Kd8 22. Bxd7 Nxd7 23. Rd1 Ke8 24. Ra5 Bc5 25. Rxd7 Kxd7 26. Rxc5 Re8 1-0

[Event "Ciudad Heroe op"]
[Site "Santiago de Cuba"]
[Date "2018.02.20"]
[Round "6"]
[White "Cabrera Ramos, Brenda Milagros"]
[Black "Rodriguez Perez, Carlos"]
[Result "0-1"]
[WhiteElo "1636"]
[BlackElo "1887"]
[PlyCount "42"]
[EventDate "2018.02.15"]
[EventType "swiss"]
[EventRounds "7"]
[EventCountry "CUB"]
[SourceTitle "EXT 2021"]
[Source "ChessBase"]
[SourceDate "2020.10.23"]
[SourceVersion "1"]
[SourceVersionDate "2020.10.23"]
[SourceQuality "1"]

1. d4 d5 2. c4 e6 3. e3 Nf6 4. Nc3 Be7 5. Nf3 0-0 6. cxd5 exd5 7. Bd3 b6 8. b3 Bb7 9. 0-0 Nbd7 10. Bb2 c5 11. Rc1 Re8 12. Ba3 Ne4 13. Bxe4 dxe4 14. Nd2 cxd4 15. Bxe7 Qxe7 16. exd4 e3 17. fxe3 Qxe3+ 18. Kh1 Nf6 19. Nc4 Qg5 20. Rg1 Ng4 21. Rc2 Qf4 0-1

[Event "Chessung Gp4"]
[Site "Guantanamo"]
[Date "2017.02.19"]
[Round "6.2"]
[White "Frometa Romero, Oscar Luis"]
[Black "Rodriguez Perez, Carlos"]
[Result "1-0"]
[WhiteElo "1657"]
[BlackElo "1923"]
[PlyCount "83"]
[EventDate "2017.02.16"]
[EventType "tourn"]
[EventRounds "10"]
[EventCountry "CUB"]
[SourceTitle "EXT 2023"]
[Source "ChessBase"]
[SourceDate "2022.10.05"]
[SourceVersion "1"]
[SourceVersionDate "2022.10.05"]
[SourceQuality "1"]

1. d4 d5 2. Nf3 Nf6 3. c4 e6 4. e3 Bd6 5. Nc3 0-0 6. Bd3 b6 7. cxd5 exd5 8. 0-0 Re8 9. Qc2 a6 10. Bd2 Bb7 11. Rac1 Nbd7 12. Rfd1 Ne4 13. Be1 Ndf6 14. Nd2 Rc8 15. f3 Nxc3 16. bxc3 Rxe3 17. Bh4 h6 18. Re1 Qe8 19. Bf2 Rxe1+ 20. Rxe1 Qf8 21. c4 c5 22. cxd5 Nxd5 23. Qb3 Nb4 24. Bf5 Bd5 25. Qa4 b5 26. Qa5 Re8 27. Rxe8 Qxe8 28. dxc5 Nc6 29. Qxa6 Bxh2+ 30. Kxh2 Qe5+ 31. Bg3 Qxf5 32. Nf1 Qc2 33. Ne3 Qd3 34. Nxd5 Qxd5 35. Qxb5 Nd4 36. Qb4 Ne2 37. Qb8+ Kh7 38. Qe5 Qd1 39. Qe3 Nd4 40. Be5 Nc2 41. Qe4+ Kg8 42. c6 1-0

[Event "Camaguey 503 op"]
[Site "Camaguey"]
[Date "2017.02.01"]
[Round "2.1"]
[White "Perez Marimon, Jorge De Jesus"]
[Black "Rodriguez Perez, Carlos"]
[Result "1-0"]
[WhiteElo "1948"]
[BlackElo "1923"]
[PlyCount "75"]
[EventDate "2017.02.01"]
[EventType "swiss"]
[EventRounds "9"]
[EventCountry "CUB"]
[SourceTitle "EXT 2023"]
[Source "ChessBase"]
[SourceDate "2022.10.05"]
[SourceVersion "1"]
[SourceVersionDate "2022.10.05"]
[SourceQuality "1"]

1. e4 e5 2. Nf3 Nc6 3. Bb5 a6 4. Ba4 Nf6 5. d3 b5 6. Bb3 d6 7. Ng5 d5 8. exd5 Nd4 9. 0-0 Nxb3 10. axb3 Qxd5 11. Nc3 Qc6 12. Re1 h6 13. Rxe5+ Be7 14. Qf3 Qxf3 15. Nxf3 Bb7 16. Bf4 Kd7 17. Re2 Bxf3 18. gxf3 Rhe8 19. Rae1 Bb4 20. Rxe8 Rxe8 21. Rxe8 Nxe8 22. Nd5 Bd6 23. Be3 Be5 24. d4 Bf6 25. Nxf6+ Nxf6 26. Kf1 Nd5 27. Ke2 c6 28. c4 Nc7 29. Kd3 f5 30. Bf4 Ne6 31. Be5 g6 32. h4 Nd8 33. d5 c5 34. b4 Nb7 35. Bc3 cxb4 36. Bxb4 a5 37. Bf8 h5 38. c5 1-0